| 000 | 01391cam a2200313 a 4500 | ||
|---|---|---|---|
| 001 | 16876606 | ||
| 003 | ARRUPE | ||
| 005 | 20160823125115.0 | ||
| 008 | 110718s2011 miu b 001 0 eng | ||
| 010 | _a 2011029435 | ||
| 020 | _a9780801039010 (pbk.) | ||
| 020 | _a0801039010 (pbk.) | ||
| 035 | _a(OCoLC)ocn662401639 | ||
| 040 |
_aDLC _cDLC _dYDX _dBTCTA _dYDXCP _dKAT _dBWX _dCDX _dDLC |
||
| 042 | _apcc | ||
| 050 | 0 | 0 |
_aBS2545.V55 _bN48 2011 |
| 082 | 0 | 0 |
_a225.8/3036 _223 |
| 100 | 1 |
_aNeufeld, Thomas R. _925340 |
|
| 245 | 1 | 0 |
_aKilling enmity : _bviolence and the New Testament / _cThomas R. Yoder Neufeld. |
| 260 |
_aGrand Rapids, Mich. : _bBaker Academic, _cc2011. |
||
| 300 |
_axii, 178 p. ; _c22 cm. |
||
| 504 | _aIncludes bibliographical references and indexes. | ||
| 505 | 0 | _a"Violence" and "New Testament" -- Turn the cheek and love your enemies! -- Forgive, or else! -- Violence in the temple? -- Atonement and the death of Jesus -- Subordination and violence -- Divine warfare in the New Testament -- Conclusion. | |
| 630 | 0 | 0 |
_aBible. _pNew Testament _xCriticism, interpretation, etc. _925341 |
| 650 | 0 |
_aViolence _xBiblical teaching. _93521 |
|
| 906 |
_a7 _bcbc _corignew _d1 _eecip _f20 _gy-gencatlg |
||
| 942 |
_2lcc _cMONOGRAPH |
||
| 999 |
_c125090 _d125090 |
||